Welcome to CU Library Online Public Access Catalogue (OPAC)

Basic statistical methods (Record no. 9525)

MARC details
000 -LEADER
fixed length control field 00558cam a22001931 4500
001 - CONTROL NUMBER
control field 4059614
005 - DATE AND TIME OF LATEST TRANSACTION
control field 20260422155340.0
008 - FIXED-LENGTH DATA ELEMENTS--GENERAL INFORMATION
fixed length control field 720601s1965 nyua b 000 0 eng
050 00 - LIBRARY OF CONGRESS CALL NUMBER
Classification number HA29
Item number .D68 1965
082 00 - DEWEY DECIMAL CLASSIFICATION NUMBER
Classification number 311
100 1# - MAIN ENTRY--PERSONAL NAME
Personal name Downie, N. M.
Fuller form of name (Norville Morgan),
Dates associated with a name 1910-
245 10 - TITLE STATEMENT
Title Basic statistical methods
Statement of responsibility, etc. [by] N. M. Downie [and] R. W. Heath.
250 ## - EDITION STATEMENT
Edition statement 2d ed.
260 ## - PUBLICATION, DISTRIBUTION, ETC.
Place of publication, distribution, etc. New York,
Name of publisher, distributor, etc. Harper & Row
Date of publication, distribution, etc. [1965]
300 ## - PHYSICAL DESCRIPTION
Extent xv, 325 p.
Other physical details illus.
Dimensions 25 cm.
650 #0 - SUBJECT ADDED ENTRY--TOPICAL TERM
Topical term or geographic name entry element Statistics.
700 1# - ADDED ENTRY--PERSONAL NAME
Personal name Heath, R. W.,
Relator term joint author.
942 ## - ADDED ENTRY ELEMENTS (KOHA)
Source of classification or shelving scheme Library of Congress Classification
Koha item type Books
Suppress in OPAC No
999 ## -
-- 9525
-- 9525
Holdings
Withdrawn status Lost status Source of classification or shelving scheme Damaged status Not for loan Collection Home library Current library Shelving location Date acquired Total checkouts Full call number Barcode Date last seen Price effective from Koha item type
    Library of Congress Classification     Non-fiction Main Library (Kumasi) Main Library (Kumasi) General stacks 04/22/2026   HA29.D68 DOW bssk00000183 04/22/2026 04/22/2026 Books
© 2023-2024 Copyright: Central University Libraries. All Rights Reserved | Created by: Mahone Tech Office